00489nam a22001577a 450000500170000000800410001702000240005804000130008208200190009510000220011424501000013625000120023626000420024830000110029065000300030120260305134357.0260305b |||||||| |||| 00| 0 eng d a9781284220304 (pbk) cPK-LaUMT a617.601bMOL-C aMolinari, John A. aCottone's practical infection control in dentistry /cby John A. Molinari and Jennifer A. Harte a3rd ed. aPhiladelphia :bWolters Kluwer,c2010 a329 p. aDental offices-Sanitation